Normal view
MARC view
- العلوم الإجتماعية - طرق البحث - الجوانب الدينية - الاسلام - العالم العربي
Entry Topical Term
001 - CONTROL NUMBER
- control field: 52512
003 - CONTROL NUMBER IDENTIFIER
- control field: JO-AjAnu
005 - DATE AND TIME OF LATEST TRANSACTION
- control field: 20230606082630.0
008 - FIXED-LENGTH DATA ELEMENTS
- fixed length control field: 230606|| aca||aabn | a|a d
040 ## - CATALOGING SOURCE
- Original cataloging agency: JO-AjAnu
- Transcribing agency: JO-AjAnu
150 ## - HEADING--TOPICAL TERM
- Topical term or geographic name entry element: العلوم الإجتماعية - طرق البحث - الجوانب الدينية - الاسلام - العالم العربي
670 ## - SOURCE DATA FOUND
- Source citation: Work cat.: (JO-AjAnu)26834: امزيان، محمد محمد, author 52511, منهج البحث الاجتماعي بين الوضعية والمعيارية